00283nam a22001097a 4500020001800000082001600018100002200034245003600056260004000092300000800132650003300140 a9789388162166 a303.372 ANJ aAnjum, Md. Shakil aSocial Justice and Human Rights aNew DelhibInnovative Imprintc2018 a232 aSocial Justice, Human Rights